Las siete maravillas de nuestro siglo / (Record no. 126531)

MARC details
000 -LEADER
campo de control de longitud fija 00664nam a2200229 4500
001 - NÚMERO DE CONTROL
campo de control 126531
003 - IDENTIFICADOR DE NÚMERO DE CONTROL
campo de control ES-MaACL
005 - FECHA Y HORA DE LA ÚLTIMA TRANSACCIÓN
campo de control 20250829051023.0
007 - CAMPO FIJO DE DESCRIPCIÓN FÍSICA--INFORMACIÓN GENERAL
campo de control de longitud fija t|
008 - DATOS DE LONGITUD FIJA--INFORMACIÓN GENERAL
campo de control de longitud fija 070214s1963 sp r ||||1| spa d
080 ## - NÚMERO DE LA CLASIFICACIÓN DECIMAL UNIVERSAL
Número de la Clasificación Decimal Universal 608
100 1# - ENTRADA PRINCIPAL--NOMBRE DE PERSONA
Nombre de persona Repollés, José
9 (RLIN) 239299
245 14 - MENCIÓN DEL TÍTULO
Título Las siete maravillas de nuestro siglo /
Mención de responsabilidad, etc. José Repollés.
260 ## - PUBLICACIÓN, DISTRIBUCIÓN, ETC.
Lugar de publicación, distribución, etc. Barcelona :
Nombre del editor, distribuidor, etc. Trimer,
Fecha de publicación, distribución, etc. 1963.
300 ## - DESCRIPCIÓN FÍSICA
Extensión 178 p., 8 lám. ;
Dimensiones 21 cm.
490 1# - MENCIÓN DE SERIE
Mención de serie Temas de hoy ;
Designación de volumen o secuencia 3
650 #7 - PUNTO DE ACCESO ADICIONAL DE MATERIA--TÉRMINO DE MATERIA
Término de materia o nombre geográfico como elemento de entrada Descubrimientos científicos
Fuente del encabezamiento o término embne
9 (RLIN) 11825
650 #4 - PUNTO DE ACCESO ADICIONAL DE MATERIA--TÉRMINO DE MATERIA
Término de materia o nombre geográfico como elemento de entrada Inventos.
9 (RLIN) 13884
830 1# - PUNTO DE ACCESO ADICIONAL DE SERIE-TÍTULO UNIFORME
Título uniforme Temas de hoy ;
Designación de volumen o secuencia 3
9 (RLIN) 184570
852 4# - LOCALIZACIÓN
Ubicación ES-MaACL
Número de control de estantería C-24351
Holdings
Estatus retirado Estado de pérdida Estado de daño No para préstamo Biblioteca de origen Biblioteca actual Ubicación en estantería Fecha de adquisición Fuente de adquisición Total de préstamos Signatura topográfica completa Código de barras Visto por última vez Precio de reemplazo Tipo de ítem Koha
        Biblioteca del Ateneo de Madrid Biblioteca del Ateneo de Madrid Depósito 2 17/01/2008     C-24351 1131789 23/02/2023 23/02/2023 Libro impreso